| Tag |
First Indicator |
Second Indicator |
Subfields |
| LEADER |
00000cam a22000004a 4500 |
| 001 |
in00002369080 |
| 005 |
20151109042732.0 |
| 008 |
070824s2008 kyu b 001 0 eng |
| 010 |
|
|
|a 2007034480
|
| 020 |
|
|
|a 9780664231736 (alk. paper)
|
| 020 |
|
|
|a 066423173X (alk. paper)
|
| 035 |
|
|
|a (OCoLC)ocn167501304
|
| 035 |
|
|
|a (OCoLC)167501304
|
| 040 |
|
|
|a DLC
|c DLC
|d BAKER
|d BTCTA
|d C#P
|d BWX
|d YDXCP
|d SLT
|d UtOrBLW
|
| 043 |
|
|
|a n-us---
|
| 049 |
|
|
|a TXAM
|
| 050 |
0 |
0 |
|a BR526
|b .B46 2008
|
| 082 |
0 |
0 |
|a 261.70973
|2 22
|
| 100 |
1 |
|
|a Berlinerblau, Jacques.
|
| 245 |
1 |
0 |
|a Thumpin' it :
|b the use and abuse of the Bible in today's presidential politics /
|c Jacques Berlinerblau.
|
| 246 |
3 |
|
|a Thumping it
|
| 250 |
|
|
|a 1st ed.
|
| 264 |
|
1 |
|a Louisville, Ky. :
|b Westminster John Knox Press,
|c [2008]
|
| 264 |
|
4 |
|c ©2008
|
| 300 |
|
|
|a x, 190 pages ;
|c 22 cm.
|
| 336 |
|
|
|a text
|b txt
|2 rdacontent
|
| 337 |
|
|
|a unmediated
|b n
|2 rdamedia
|
| 338 |
|
|
|a volume
|b nc
|2 rdacarrier
|
| 504 |
|
|
|a Includes bibliographical references (pages 143-179) and indexes.
|
| 505 |
0 |
|
|a The Bible in American politics: a primer -- The Bible and the environment: evangelicals discover climate change and Democrats discover evangelicals -- The blastocyst and the Bible: stem cell research, abortion, and the silence of Scripture -- The Bible and international relations: a foreign policy in Christ? -- The Bible in political rhetoric: the good, the bad, and the ugly -- The Democrats, the Bible, and the secularists: on the trail of the God vote -- Republicans and evangelicals: the limits of conservative Christian power? -- Conclusion: the symbol and the separation
|
| 650 |
|
0 |
|a Christianity and politics
|z United States.
|
| 630 |
0 |
0 |
|a Bible
|x Use.
|
| 650 |
|
0 |
|a Evangelicalism
|x Political aspects
|z United States.
|
| 650 |
|
0 |
|a Presidents
|x Religious life
|z United States.
|
| 938 |
|
|
|a Baker & Taylor
|b BKTY
|c 16.95
|d 12.71
|i 066423173X
|n 0007458117
|s active
|
| 938 |
|
|
|a Baker and Taylor
|b BTCP
|n BK0007458117
|
| 938 |
|
|
|a Blackwell Book Service
|b BBUS
|n R9680630
|c $16.95
|
| 938 |
|
|
|a YBP Library Services
|b YANK
|n 2766216
|
| 945 |
|
|
|a PromptCat
|b 386347
|
| 946 |
|
|
|a stk
|
| 947 |
|
|
|a A14836870812
|
| 994 |
|
|
|a 92
|b TXA
|
| 948 |
|
|
|a cataloged
|b h
|c 2008/4/16
|d c
|e asalazar
|f 12:57:56 pm
|
| 999 |
|
|
|a MARS
|
| 999 |
f |
f |
|s e10d682a-1e8f-395e-b61c-363b58aae142
|i 566f079d-d84b-36b5-8ff7-3bcfd3053e22
|t 0
|
| 952 |
f |
f |
|p normal
|a Texas A&M University
|b College Station
|c Sterling C. Evans Library
|d Evans: Library Stacks
|t 0
|e BR526 .B46 2008
|h Library of Congress classification
|i unmediated -- volume
|m A14836870812
|
| 998 |
f |
f |
|a BR526 .B46 2008
|t 0
|l Evans: Library Stacks
|